| 000 | 00392cam a22001575a 4500 | ||
|---|---|---|---|
| 001 | J100750 | ||
| 008 | 000000s1913 xxk 000 0 eng u | ||
| 035 | _a(Sirsi) u100750 | ||
| 110 |
_aSurveyors' Institution _93783 |
||
| 245 | _aNotice of meetings and fixtures 1913. | ||
| 260 | _c1913 | ||
| 300 | _a10p. | ||
| 651 | 4 |
_aUnited Kingdom _y |
|
| 690 | _aBusiness and management | ||
| 942 | _n0 | ||
| 999 |
_c99799 _d99799 |
||